8 mots dans mots : Gré (mort subite) - Statistiques

Statistiques générales
  • Ce quiz a été pris 29 fois
  • Le résultat moyen est 7 sur 8
Answers on the Grid
Answers color-coded by a green-red scale on the quiz's grid according to % correct below.
Pér---inations
Gr---uilleuse
Homme- ---nouille
Mai---chonne
Dém---rissement
Secrétaire- ---ffier
Vinai---tte
Rabo---issement
Pro---ssivement
Presse - ---mes
Trans---ssion
Ag---ultrice
Autoa---ssivité
Pro---ssiste
Panta---élique
Antisé---gationniste
 
Statistiques - réponses
Réponse % Correct
Autoa---ssivité
92%
Trans---ssion
92%
Homme- ---nouille
83%
Pro---ssivement
83%
Secrétaire- ---ffier
83%
Antisé---gationniste
79%
Pro---ssiste
79%
Vinai---tte
79%
Aucun quiz correspondant
Distribution des résultats
% des personnes avec chaque résultat
Percentile par nombre de réponses
Votre historique - résultats
Vous n’avez pas pris ce quiz